Nenne die GoT-Charakter nach ihrem Serientod - Statistiken

Allgemein
  • Dieses Quiz wurde 61 mal gespielt
  • Das Durchschnittsergebnis liegt bei 9 aus 16
Antwortstatistiken
Tod Charakter % Korrekt
Stirbt beim Versuch eine Tür zuzuhalten, um Bran einen Vorsprung zu verschaffen Hodor
85%
Bei der eigenen Hochzeit vergiftet Joffrey Baratheon
77%
Stirbt zusammen mit ihrem Bruder unter Steinen vergraben Cersei Lannister
73%
Von Arya Stark mit einer Klinge aus valyrischem Stahl getötet Der Nachtkönig
69%
Bei der Hochzeit ihres Sohnes die Kehle durchgeschnitten Catelyn Stark
65%
Wird von seinen eigenen Hunden zerfleischt Ramsay Bolton
65%
Von einem Schattenwesen getötet Renly Baratheon
60%
Beim Versuch Bran Stark zu beschützen vom Nachtkönig mit einem Speer durchbohrt Theon Graufreud
60%
Wird vom Gnom mit einer Armbrust erschossen Tywin Lannister
60%
Von Jon Schnee nach einer Umarmung erstochen Daenerys Targaryen
58%
Bekommt eine Krone aus geschmolzenem Gold über den Kopf gegossen Viserys Targaryen
50%
Nimmt Gift zu sich und erzählt noch vorher, dass sie Joffrey getötet hat Olenna Tyrell
46%
Erliegt seinen Verletzungen nach der langen Nacht in den Armen von Daenerys Jorah Mormont
40%
Wird nach Verrat von Arya Stark die Kehle durchgeschnitten Petyr Baelish
33%
Wird für versuchten Verrats von Drogon geröstet Lord Varys
27%
Von einem untoten Riesen zerquetscht Lyanna Mormont
25%
Keine übereinstimmenden Quizze gefunden
Verteilung der Resultate
Anzahl Personen mit jedem Resultat
Perzentil nach korrekt beantworteten Fragen
Ihre Resultats-Entwicklung
Sie haben dieses Quiz noch nicht gespielt